Shakespeare's julius caesar /

Guardado en:
Autor Principal: Shakespeare, William
Otros Autores: Wood, Stanley, Syms-wood, A.
Formato: Libro
Publicado: London : George Gill & Sons, 1901
Materias:
Etiquetas: Agregar Etiqueta
Sin Etiquetas, Sea el primero en etiquetar este registro!
LEADER 00725nam a22002175a 4500
001 EHU.bham028200
003 AR-BHAM
005 20110518111354.0
008 130507s1901##################000#0#####d
082 8 2 |a 822.3 
100 1 |a Shakespeare, William 
245 1 0 |a Shakespeare's julius caesar /  |c William Shakespeare , Stanley Wood , A. Syms-wood 
260 |a London :  |b George Gill & Sons,  |c 1901 
300 |a 179 p. 
500 |a The Oxford and Cambridge Editionby Stanley Wood and A. Syms-wood. 
653 |a Teatro ingles 
653 |a Literatura inglesa-1559-1625 
653 |a Teatro ingles-1559-1625 
700 1 |a Wood, Stanley 
700 1 |a Syms-wood, A. 
859 |a AR-BHAM  |b BIB. HUMANIDADES - General  |h 822.3  |i SH15-8  |p 1554.04  |t Ej.1